Loading...

See change

Bibliographic Details
Main Author: Sandra Waddock
Format: Printed Book
Published: Green leaf publishing 2011
Subjects:
LEADER 00469nam a22001337a 4500
020 |a 9781906093457 
082 |a 306.3  |b WAD.S 
100 |a Sandra Waddock 
245 |a See change 
260 |b Green leaf publishing  |c 2011 
650 |a Industry  |a Social responsiblity of business  |a Industries- environmental aspects 
942 |c BK 
999 |c 558  |d 558 
952 |0 0  |1 0  |4 0  |6 306_300000000000000_WAD_S  |7 0  |8 NFIC  |9 553  |a CAMPUS  |b CAMPUS  |d 2014-12-09  |l 0  |o 306.3 WAD.S  |p 16600  |r 2014-12-09  |w 2014-12-09  |y BK